000 00877nam a2200265Ia 4500
003 OSt
005 20220925194019.0
006 a|||||r|||| 00| 0
007 ta
008 220923b |||||||| |||| 00| 0 eng d
020 _a9780521712903
_c4633.4799999999996
037 _b1082, 21/07/2015, Pranami Book Service
_cGeneral Book
040 _aRTL
_cRTL
_beng
041 _2eng
_aeng
082 _aX.41.P00<-M76, P8
100 _aBRANDT Loren
245 0 _aChina's great economic transformation
260 _aCambridge
_bCambridge University Press
_c2008
300 _axxii,906p
_ccm.
490 _aGeneva Timber and Forest Study Paper
650 _aEconomics
700 _a RAWSKI Thomas G
_9250031
942 _hX.41.P00<-M76, P8
_cGB
_2CC
999 _c527884
_d527884